A tree is a plant / (Record no. 4678)
[ view plain ]
| 000 -LEADER | |
|---|---|
| fixed length control field | 01009nam a22003017a 4500 |
| 001 - CONTROL NUMBER | |
| control field | 4678 |
| 003 - CONTROL NUMBER IDENTIFIER | |
| control field | FISKH |
| 005 - DATE AND TIME OF LATEST TRANSACTION | |
| control field | 20250801104358.0 |
| 008 - FIXED-LENGTH DATA ELEMENTS--GENERAL INFORMATION | |
| fixed length control field | 240920b cb ||||| |||| 00| 0 eng d |
| 020 ## - INTERNATIONAL STANDARD BOOK NUMBER | |
| International Standard Book Number | 0439456142 |
| 040 ## - CATALOGING SOURCE | |
| Original cataloging agency | FISKH |
| Language of cataloging | eng |
| Transcribing agency | FISKH |
| Modifying agency | FISKH |
| 050 ## - LIBRARY OF CONGRESS CALL NUMBER | |
| Classification number | SB363.B785 |
| 082 ## - DEWEY DECIMAL CLASSIFICATION NUMBER | |
| Edition number | 583.73 |
| 100 ## - MAIN ENTRY--PERSONAL NAME | |
| Personal name | Bulla, Robert Clyde |
| Dates associated with a name | (1914–2007) |
| 245 ## - TITLE STATEMENT | |
| Title | A tree is a plant / |
| Statement of responsibility, etc. | by Clyde Robert Bulla illustrated by Stacey Schuett |
| 250 ## - EDITION STATEMENT | |
| Edition statement | First printing school in 2002 |
| 260 ## - PUBLICATION, DISTRIBUTION, ETC. | |
| Place of publication, distribution, etc. | New York : |
| Name of publisher, distributor, etc. | Scholastic, |
| Date of publication, distribution, etc. | 2002. |
| 300 ## - PHYSICAL DESCRIPTION | |
| Extent | 35 pages : |
| Other physical details | Color illustrations ; |
| Dimensions | 21cm |
| 505 ## - FORMATTED CONTENTS NOTE | |
| Formatted contents note | G<br/> |
| 520 ## - SUMMARY, ETC. | |
| Summary, etc. | Did you know that a tree is the biggest plant that grows? How does it get the food it needs? Read and find out about a tree's life cycle through the seasons. |
| 521 8# - TARGET AUDIENCE NOTE | |
| Target audience note | 420L<br/> |
| Source | Lexile<br/> |
| 521 8# - TARGET AUDIENCE NOTE | |
| Target audience note | G<br/> |
| Source | Raz-Plus<br/> |
| 650 ## - SUBJECT ADDED ENTRY--TOPICAL TERM | |
| Source of heading or term | Plants |
| Topical term or geographic name entry element | Science |
| Form subdivision | Seasons |
| 650 ## - SUBJECT ADDED ENTRY--TOPICAL TERM | |
| Source of heading or term | Nature |
| Topical term or geographic name entry element | Trees |
| Form subdivision | Apples |
| 700 ## - ADDED ENTRY--PERSONAL NAME | |
| Personal name | Schuett, Stacey |
| Dates associated with a name | Illustrator |
| 942 ## - ADDED ENTRY ELEMENTS (KOHA) | |
| Source of classification or shelving scheme | Dewey Decimal Classification |
| Koha item type | Books |
| Suppress in OPAC | No |
| Withdrawn status | Lost status | Source of classification or shelving scheme | Damaged status | Not for loan | Collection | Home library | Current library | Shelving location | Date acquired | Total Checkouts | Full call number | Barcode | Date last seen | Copy number | Price effective from | Koha item type | Date last checked out |
|---|---|---|---|---|---|---|---|---|---|---|---|---|---|---|---|---|---|
| Dewey Decimal Classification | Non-Fiction | Footprints International School Library Network Toul Kork Campus | Footprints International School Library Network Toul Kork Campus | TK Primary Library Room(4th Floor), Bookcase 1&2, Shelves 1-16, Dark Blue Books | 06/10/2025 | 2 | BUL 583.73 SB363.B785 | 2025-1568 | 11/27/2025 | 3 | 06/10/2025 | Books | 11/20/2025 | ||||
| Dewey Decimal Classification | Non-Fiction | Footprints International School Library Network Toul Tom Poung Campus | Footprints International School Library Network Toul Tom Poung Campus | TTP Primary Dark Blue Bookshelves | 09/20/2024 | BUL 583.73 SB363.B785 | 2024-2045 | 09/20/2024 | 1 | 09/20/2024 | Books | ||||||
| Dewey Decimal Classification | Non-Fiction | Footprints International School Library Network Toul Tom Poung Campus | Footprints International School Library Network Toul Tom Poung Campus | TTP Primary Dark Blue Bookshelves | 05/19/2025 | BUL 583.73 SB363.B785 | 2025-1324 | 05/19/2025 | 2 | 05/19/2025 | Books | ||||||
| Dewey Decimal Classification | Non-Fiction | Footprints International School Library Network Toul Tom Poung Campus | Footprints International School Library Network Toul Tom Poung Campus | TTP Primary Dark Blue Bookshelves | 07/24/2025 | BUL 583.73 SB363.B785 | 2025-2816 | 07/24/2025 | 4 | 07/24/2025 | Books | ||||||
| Dewey Decimal Classification | Non-Fiction | Footprints International School Library Network Toul Tom Poung Campus | Footprints International School Library Network Toul Tom Poung Campus | TTP Primary Dark Blue Bookshelves | 08/01/2025 | BUL 583.73 SB363.B785 | FIS01770 | 08/01/2025 | 5 | 08/01/2025 | Books | ||||||
| Dewey Decimal Classification | Non-Fiction | Footprints International School Library Network Toul Tom Poung Campus | Footprints International School Library Network Toul Tom Poung Campus | TTP Primary Dark Blue Bookshelves | 08/01/2025 | BUL 583.73 SB363.B785 | FIS04599 | 08/01/2025 | 6 | 08/01/2025 | Books | ||||||
| Dewey Decimal Classification | Non-Fiction | Footprints International School Library Network Toul Tom Poung Campus | Footprints International School Library Network Toul Tom Poung Campus | TTP Primary Dark Blue Bookshelves | 08/01/2025 | BUL 583.73 SB363.B785 | FIS00442 | 08/01/2025 | 7 | 08/01/2025 | Books |
